| 000 | 00425nam a22001217a 4500 | ||
|---|---|---|---|
| 008 | 230619b xxu||||| |||| 00| 0 eng d | ||
| 020 | _a97-9966-008-10-7 | ||
| 082 |
_a361.7068 _bCHI 2009 |
||
| 245 |
_aFundraising Letters : _bOver 200 Model and Sample Fundraising Letters Proven to Generate High Donations/ _cJohn Chikati |
||
| 260 |
_aNairobi, Kenya _bREPARED Publishing Department _c2009 |
||
| 300 | _avii,214p | ||
| 942 |
_2ddc _cBK |
||
| 999 |
_c1300 _d1300 |
||